Spravodaj mesačník Slovenskej obchodnej a priemyselnej komory
Na minha lista:
| Formato: | Periódico |
|---|---|
| Idioma: | eslovaco |
| Publicado em: |
Bratislava
Trendy
2003
|
| Assuntos: | |
| Tags: |
Sem tags, seja o primeiro a adicionar uma tag!
|
MARC
| LEADER | 00000nas2a22000001 4500 | ||
|---|---|---|---|
| 001 | 0052821 | ||
| 005 | 20070202125911.1 | ||
| 041 | 0 | |a slo | |
| 044 | |a SK | ||
| 245 | 1 | 0 | |a Spravodaj |b mesačník Slovenskej obchodnej a priemyselnej komory |
| 264 | 1 | |a Bratislava |b Trendy |c 2003 | |
| 773 | 0 | |w eu_un_cat*s120231 | |
| 610 | 2 | 0 | |a komory obchodné |
| 610 | 2 | 0 | |a podnikanie |
| 610 | 2 | 0 | |a obchod |